00230nam a2200097Ia 4500008004100000100001900041245003300060260001400093942000800107999001700115190216s9999||||xx |||||||||||||| ||und|| aWakhar Kar D G 0aManual Of Physical Education bPearl Pub cREF c35207d35207